Language Quiz

Random Language or German Quiz
Score 0/20 Timer 06:00
2 Plays Today
% Correct
Kindergarten
94.5%
Blitzkrieg
88.8%
Poltergeist
87.7%
Realpolitik
86.4%
Wunderkind
84.6%
Wanderlust
84.2%
Kapellmeister
77%
Schadenfreude
72.3%
Kitsch
70.9%
Doppelgänger
68.9%
% Correct
Fahrvergnügen
65.3%
Zeitgeist
63.1%
Bildungsroman
50.1%
Eigengrau
45.3%
Gemütlichkeit
44.3%
Weltschmerz
43.3%
Weltanschauung
42.4%
Zugzwang
41.7%
Festschrift
37.4%
Sippenhaft
29.1%
Remove Ads.
Support Sporcle.
Get the best of Sporcle when you Go Orange. This ad-free experience offers more features, more stats, and more fun while also helping to support Sporcle. Thank you for becoming a member.

You're not logged in!

Compare scores with friends on all Sporcle quizzes.
OR
Log In

Show Comments

Extras

Top Quizzes Today


Score Distribution

Your Account Isn't Verified!

In order to create a playlist on Sporcle, you need to verify the email address you used during registration. Go to your Sporcle Settings to finish the process.

Report this User

Report this user for behavior that violates our Community Guidelines.

Details: